Statistics for "We shall fight on the beaches" Churchill Speech

Click here to take the quiz!

General Stats

  • This quiz has been taken 85 times
  • The average score is 16 of 26

Answer Stats

% Correct
We shall fight on the {beaches},
95%
we shall never {surrender},
92%
whatever the {cost} may be.
81%
we shall defend our {island},
76%
and in the {streets},
75%
the New {World},
71%
we shall fight on the seas and {oceans},
71%
and if, which I do not for a moment {believe},
69%
We shall go on to the {end}.
68%
odious apparatus of {Nazi} rule,
66%
We shall fight in {France},
66%
we shall fight on the {landing grounds},
66%
we shall fight in the {fields}
64%
we shall fight in the {hills};
64%
we shall not flag or {fail}.
59%
with all its power and {might},
59%
then our {Empire} beyond the seas,
58%
Even though large tracts of {Europe} and
56%
would carry on the {struggle}, until, in God's good time,
51%
this island or a large part of it were {subjugated} and starving,
49%
, we shall fight with growing confidence and growing {strength} in the air,
47%
and the {liberation} of the old.
41%
or may fall into the grip of the {Gestapo} and all the
41%
steps forth to the {rescue}
39%
armed and guarded by the {British Fleet},
32%
many old and {famous} States have fallen
32%

Score Distribution

Percentile by Number Answered

Percent of People with Each Score

Your Score History

You have not taken this quiz